| 000 | 00407nam a2200169Ia 4500 | ||
|---|---|---|---|
| 005 | 20140407081944.0 | ||
| 008 | 140130s9999 xx 000 0 und d | ||
| 050 |
_aQL 544.2 _b.W475 2003 |
||
| 245 |
_cWhite, Nancy _aButterfly battle |
||
| 260 |
_bScholastic, _c2003 |
||
| 300 |
_a76 p. : _bcol. ill. ; _c19 cm. |
||
| 440 | _v1 | ||
| 521 | _aG4 | ||
| 526 | _c630 | ||
| 942 |
_cBK _2lcc |
||
| 999 |
_c40811 _d40811 |
||